Novel by Opening Lines III Quiz Stats

 Plays Quiz Updated Oct 1, 2018

Score 0/16 Timer 06:00
2 Plays Today
Opening Line Novel % Correct
Here is Edward the Bear, coming downstairs now, bump, bump, bump on the back of his head, behind Christopher Robin.Winnie the Pooh
83.6%
You don't know about me without you have read a book by the name of The Adventures of Tom Sawyer; but that ain't no matter.Adventures of Huckleberry Finn
80.8%
Somewhere in la Mancha, in a place whose name I do not care to remember, a gentleman lived not long ago, one of those who has a lance and ancient shield...Don Quixote
61.4%
A squat gray building of only thirty-four storeys. Over the main entrance the words, 'Central London Hatchery and Conditioning Centre', and in a shield, the World State's motto...Brave New World
50.6%
The boy with fair hair lowered himself down the last few feet of rock and began to pick his way towards the lagoon.Lord of the Flies
47.2%
The Nellie, a cruising yawl, swung to her anchor without a flutter of the sails, and was at rest.Heart of Darkness
36.7%
All this happened, more or less.Slaughterhouse-Five
36.2%
It was a queer, sultry summer, the summer they electrocuted the Rosenbergs, and I didn’t know what I was doing in New York.The Bell Jar
34.5%
Opening Line Novel % Correct
On an exceptionally hot evening in early July a young man came out of the garret in which he lodged in S. Place and walked slowly, as though in hesitation, towards K. bridge.Crime and Punishment
34.2%
The great fish moved silently through the night water, propelled by short sweeps of its crescent tail.Jaws
33%
Whether I shall turn out to be the hero of my own life, or whether that station will be held by anybody else, these pages must show.David Copperfield
30.4%
In the castle of Westphalia, belonging to the Baron of Thunder-ten-tronckh, lived a youth, whom nature had endowed with the most gentle manners.Candide
29.5%
The cold passed reluctantly from the earth, and the retiring fogs revealed an army stretched out on the hills, resting.The Red Badge of Courage
21.4%
I had the story, bit by bit, from various people, and, as generally happens in such cases, each time it was a different story.Ethan Frome
11%
In the town, there were two mutes and they were always together.The Heart is a Lonely Hunter
9.8%
I write this sitting in the kitchen sink.I Capture the Castle
8.3%

You're not logged in!

Compare scores with friends on all Sporcle quizzes.
OR
Log In

Sporcle TV

Today on Sporcle TV


Watch our educational content, quiz creation guides, and fun videos on Sporcle TV.

Show Comments

Extras

Top Quizzes Today


Score Distribution

Your Account Isn't Verified!

In order to create a playlist on Sporcle, you need to verify the email address you used during registration. Go to your Sporcle Settings to finish the process.

Report this User

Report this user for behavior that violates our Community Guidelines.

Details: